|
|
|
|
| LEADER |
00000nam0a2200000 4500 |
| 001 |
149973 |
| 005 |
20231031150052.0 |
| 035 |
|
|
|a (RuTPU)RU\TPU\book\162584
|
| 035 |
|
|
|a RU\TPU\book\153441
|
| 090 |
|
|
|a 149973
|
| 100 |
|
|
|a 20080821d2008 k y0rusy50 ca
|
| 101 |
0 |
|
|a rus
|
| 102 |
|
|
|a RU
|
| 105 |
|
|
|a a dm 001zy
|
| 200 |
1 |
|
|a Однофазные повреждения в электрических сетях среднего и высокого классов напряжения (теория, методы исследования и меры предотвращения повреждений)
|e автореферат диссертации на соискание ученой степени доктора технических наук
|e спец. 05.14.02
|e спец. 05.14.12
|f В. Е. Качесов
|g Новосибирский государственный технический университет (НГТУ) ; науч. конс. К. П. Кадомская
|
| 210 |
|
|
|a Томск
|c [Б. и.]
|d 2008
|
| 215 |
|
|
|a 40 с.
|c ил.
|
| 300 |
|
|
|a Защита сост. 14.10.2008 г.
|
| 320 |
|
|
|a Библиогр.: с. 37-40 (38 назв.).
|
| 610 |
1 |
|
|a электрические сети
|
| 610 |
1 |
|
|a присоединение
|
| 610 |
1 |
|
|a коммутация
|
| 610 |
1 |
|
|a перенапряжения
|
| 610 |
1 |
|
|a распределительные сети
|
| 610 |
1 |
|
|a однофазные замыкания
|
| 610 |
1 |
|
|a электропередачи высокого напряжения
|
| 610 |
1 |
|
|a автоматические повторные включения
|
| 610 |
1 |
|
|a авторефераты диссертаций
|
| 675 |
|
|
|a 621.311.1.027(04)
|v 3
|
| 675 |
|
|
|a 621.311.1.004(04)
|v 3
|
| 686 |
|
|
|a 05.14.02
|2 oksvnk
|
| 686 |
|
|
|a 05.14.12
|2 oksvnk
|
| 700 |
|
1 |
|a Качесов
|b В. Е.
|g Владимир Егорович
|
| 702 |
|
1 |
|a Кадомская
|b К. П.
|4 695
|
| 712 |
0 |
2 |
|a Новосибирский государственный технический университет (НГТУ)
|c (1992- )
|2 stltpush
|3 (RuTPU)RU\TPU\col\36
|
| 801 |
|
1 |
|a RU
|b 63413507
|c 20081224
|g PSBO
|
| 801 |
|
2 |
|a RU
|b 63413507
|c 20090114
|g PSBO
|
| 942 |
|
|
|c BK
|